00542nam a2200193Ia 4500001000900000003000500009005001700014008004100031010001100072040000900083082001600092100001900108245009500127260002800222300001000250500000800260650003900268650004100307dia_1757CHAP20251023161005.0220117s1983 xx 000 0 und d a172296 cCHAP a630.973 B8Y aBurbach, Roger aLas Agroindustrias Trasnacionales: Estados Unidos y America Latina. /c por Roger Burbach aMéxico :b ERA,c1983 a337 p aC/e aAgricultura aspectos económicos. aAgriculturaxinvestigaciónxE.U.